| Tag |
First Indicator |
Second Indicator |
Subfields |
| LEADER |
00000cam a2200000Ka 4500 |
| 001 |
in00002865521 |
| 005 |
20151202172928.0 |
| 008 |
121218s2012 caua 001 0 eng d |
| 020 |
|
|
|a 1584234687
|
| 020 |
|
|
|a 9781584234685
|
| 035 |
|
|
|a (OCoLC)ocn822024905
|
| 040 |
|
|
|a YDXCP
|c YDXCP
|d SXP
|d BWX
|d UtOrBLW
|
| 049 |
|
|
|a TXAM
|
| 082 |
0 |
|
|a 745.5
|2 23
|
| 090 |
|
|
|a NK1520
|b .U62 2012
|
| 245 |
0 |
0 |
|a Up-cycle! :
|b more than 100 upcycling ideas for furniture, lighting, products, and accessories!.
|
| 264 |
|
1 |
|a Berkerly, Calif. :
|b Gingko Press,
|c [2012]
|
| 264 |
|
4 |
|c ©2012
|
| 300 |
|
|
|a 287 pages :
|b illustrations ;
|c 21 cm.
|
| 336 |
|
|
|a text
|b txt
|2 rdacontent
|
| 337 |
|
|
|a unmediated
|b n
|2 rdamedia
|
| 338 |
|
|
|a volume
|b nc
|2 rdacarrier
|
| 500 |
|
|
|a Includes index.
|
| 500 |
|
|
|a "Discover how designers make unique objects with disused items and waste materials."
|
| 650 |
|
0 |
|a Recycled products.
|
| 650 |
|
0 |
|a Found objects (Art)
|
| 650 |
|
0 |
|a Handicraft.
|
| 945 |
|
|
|a PromptCat
|b 176913
|
| 946 |
|
|
|a stk
|
| 947 |
|
|
|a A14835926181
|
| 948 |
|
|
|a cataloged
|b h
|c 2013/1/24
|d c
|e dmitchel
|f 3:44:26 pm
|
| 994 |
|
|
|a 92
|b TXA
|
| 999 |
|
|
|a MARS
|
| 999 |
f |
f |
|s 0db5a46e-005b-3f14-bae8-e8129db77b34
|i e96fd22d-d441-3bf8-b49f-a9da0413f474
|t 0
|
| 952 |
f |
f |
|p normal
|a Texas A&M University
|b College Station
|c Sterling C. Evans Library
|d Evans: Library Stacks
|t 0
|e NK1520 .U62 2012
|h Library of Congress classification
|i unmediated -- volume
|m A14835926181
|
| 998 |
f |
f |
|a NK1520 .U62 2012
|t 0
|l Evans: Library Stacks
|